MDQL
is popping MORE tags! Check the
thread
!
Quizzes
Events
Quiz Creation
Community
Videos
Private Events
Remove Ads
Sign In
Join for FREE
Feedback
Dark Mode
Quiz Categories
Sports
Geography
Music
Movies
Television
Just For Fun
Miscellaneous
History
Literature
Language
Science
Gaming
Entertainment
Religion
Holiday
For Kids
Quiz Lab
Recent
Popular Today
Quiz Kudos Today
Editor Picks
Curator Picks
Quizzes by...
Day
Popularity
Type
Ratings
Length
Year
Community
Subscriptions
Recent Discussions
Orange Saloon
Badges
Playlists
Quests
Create
Leaderboards
Showdown
Live 5
Trivia Bingo
Activity
Puzzle Library
Sporcle Events
Private Events
Virtual Trivia
Globe League
Become a Host
Pub Owners
SporcleCon
Opinionation
Our Games
Videos
Blog
Mobile Apps
Partnerships
Remove Ads and Go Orange
Feedback
Sports
Athletes
MLB
NBA
NHL
NFL
Soccer
Sports Teams
WWE
NCAA
Football
Premier League
Basketball
Baseball
Hockey
Golf
Tennis
Cricket
Rugby
Auto Racing
Olympics
World Cup
Sports
Athletes
MLB
NBA
NHL
NFL
Soccer
Sports Teams
WWE
NCAA
Football
Premier League
Basketball
Baseball
Hockey
Golf
Tennis
Cricket
Rugby
Auto Racing
Olympics
World Cup
Random Quiz
Search Sporcle
×
Quiz Lab
Quiz Lab
Sports
MLB
Type in answers that appear in a list
Type in answers that appear in a list
Classic
Best Score? Go Orange.
2010 ESPN MLB Player Rater Top 50 Stats
Can you name the 2010 ESPN MLB Player Rater Top 50?
By
Kwin
8m
50 Questions
319 Plays
319 Plays
319 Plays
Comments
Comments
Give Quiz Kudos
Give Quiz Kudos
-
- Ratings
hide this ad
Replay
Link that replays current quiz
Next Quiz
Link to next quiz in quiz playlist
You Got
0%
They Got
Avg Score
73%
Avg Friend Score
Upgrade to see
Score Distribution
Jump to the score distribution portion of the page
Score
0/50
Timer
08:00
0
Plays Today
% Correct
Albert Pujols
98.7%
Miguel Cabrera
97.5%
Joey Votto
96.9%
Carlos Gonzalez
95.3%
Adrian Gonzalez
95%
Josh Hamilton
94.4%
Robinson Cano
92.5%
Alex Rodriguez
92.2%
Derek Jeter
91.2%
Prince Fielder
90.9%
Ryan Braun
89.7%
Ryan Howard
89.7%
Hanley Ramirez
88.7%
Matt Holliday
88.4%
Jose Bautista
87.5%
Paul Konerko
86.8%
Evan Longoria
85.6%
Mark Teixeira
85%
Joe Mauer
84%
Carl Crawford
83.4%
Troy Tulowitzki
83.1%
David Wright
78.1%
David Ortiz
75.9%
Jayson Werth
75.5%
Ryan Zimmerman
75.2%
% Correct
Dan Uggla
74%
Michael Young
73.4%
Chris Young
73.4%
Delmon Young
73%
Adrian Beltre
69.3%
Adam Dunn
69.3%
Ichiro Suzuki
68.3%
Matt Kemp
66.1%
Vernon Wells
65.8%
Rickie Weeks
65.2%
Shin-Soo Choo
62.4%
Nick Swisher
60.5%
Corey Hart
60.5%
Aubrey Huff
58.9%
Jason Heyward
58.9%
Billy Butler
58.6%
Nick Markakis
57.1%
Hunter Pence
51.7%
Brett Gardner
51.4%
Kelly Johnson
49.5%
Vladimir Guerrero
48.9%
Martin Prado
44.2%
Carlos Ruiz
41.4%
Casey McGehee
36.4%
Daric Barton
24.8%
Quiz Playlist
Details
Report
Send in Message
Add To Playlist
Classic:
Type in answers that appear in a list
Quiz Source
Last Updated: Feb 16, 2017
Quiz Scoreboard
CHALLENGE
Sign Up to Join the Scoreboard
Show All
Scores
Hide
Comments
May contain spoilers
Recently Published
Find the 'City' Movie
by crazypaving
Movies
60s
5x2 Blitz: Bands
by SL_Kpop136
Music
30s
Colored Red Africa Blitz
by spor1
Geography
30s
More to Explore
Quiz From the Vault
Featured Blog Post
14 Easter Pick-up Lines to Find Eggs With
hide this ad
You Might Also Like...
Tags
Baseball Quiz
MLB Quiz
2010
ESPN
Player
Rater
Top 50
Today's Top Quizzes in Sports
Browse Sports
hide this ad
Today's Top Quizzes in MLB
Browse MLB
Top Contributed Quizzes in Sports
1
Les entraîneurs de l'OM et du PSG au 21e siècle
2
Les meilleurs buteurs des matchs entre le PSG et l’OM
3
Players with Multiple 50 Home Run Seasons
4
2022 World Cup Stars
5
Les joueurs passés par le PSG et l'OM
6
NBA Logic Puzzle 2.0
7
Criteria MLB: Left Handed Sluggers
8
MLB Players with Two .350 Batting Average Seasons
9
Top 10 NHL Goal Scorers of All Time
10
Who Hit More Homers?
Explore More
Trending Topics
Disney
NBA
Crossword
Kpop
Harry Potter
Anime
Marvel
Pokémon
WWE
Song
Country
The Office
NFL
Puzzle
Soccer
hide this ad
More By:
Kwin
Quiz
Plays
Rating
Category
Featured
Created
MLB NL East 2000s HR Leaders
8,291
4.30
Sports
Dec 1, 2010
MLB AL West 2000s HR Leaders
4,200
4.40
Sports
Dec 21, 2010
MLB AL Central 2000s HR Leaders
3,960
4.47
Sports
Dec 21, 2010
MLB AL East 2000s HR Leaders
2,544
4.54
Sports
Dec 19, 2010
MLB NL Central 2000s HR Leaders
1,798
4.44
Sports
Dec 6, 2010
Go to Creator's Profile
Score Distribution
Quiz Creator Spotlight
Kwin
Follow
Send a Message
Quizzes Created
-
Created Quiz Play Count
-
More By This Creator
Popular Quizzes Today
1
Colored Red Africa Blitz
2
Find the 'City' Movie
3
Find the US States - No Outlines Minefield
4
5x2 Blitz: Bands
5
The Countries of the World
6
Find the US States
7
Find the Countries of Europe - No Outlines Minefield
8
US States
More Sports Quizzes
Yankees home run leaders A-Z
Quiz Lab
Trending Quizzes
Colored Red Europe Blitz I
Colored Red Europe Blitz II
Colored Red Africa Blitz II
Colored Red Europe Blitz III
Colored Red Africa Blitz III
Recently Updated
How Do You Spell That?
pecheneg
Godzilla Movies
pecheneg
Grab Bag: 4-10 Letters
pecheneg
2024 March Madness Bracket
pecheneg
Famous TV Couples
Peacemaker
Champions League XIs: Real Madrid
pecheneg
Largest US Cities 1790-2010
pecheneg
Rides in Walt Disney World
pecheneg
Most Oscar Losses (Acting)
pecheneg
Beyoncé Albums
pecheneg
Trending Topics
NBA
Anime
Marvel
Kpop
Crossword
Harry Potter
Disney
Soccer
Song
NFL
Pokémon
WWE
Country
Puzzle
The Office
Your Account Isn't Verified!
In order to create a playlist on Sporcle, you need to verify the email address you used during registration. Go to your
Sporcle Settings
to finish the process.
Report this User
Report this user for behavior that violates our
Community Guidelines
.
Details:
Send Report
Go to the Sporcle.com Mobile Site →
Comments